02772nam a22002297a 450000500170000000700150001700800410003202000220007303500100009504000090010510000300011424501740014425600240031826000410034230000280038350017170041150602700212865000310239865000340242974000380246385600410250120240305165632.0cr|||| |||| 220504s2020 es |||||s|||| 00||0 spa d a978-84-122700-5-1 a35600 avLex1 aLibano Beristain, Arantza13aDel sumario como fase a la instrucción como proceso penalh[Recurso electrónico] :bReflexiones de lege lata y propuestas de lege ferenda /cArantza Libano Beristain aServicio en línea aBarcelona:bJ.M. Bosch Editor,c2020 a1 recurso electrónico aLa presente monografía constituye un estudio de naturaleza dogmática acerca de la instrucción en la esfera penal. El objeto central de la obra radica en profundizar en los fundamentos teóricos de la referida institución, trazando un repaso histórico de las concepciones fundamentales sostenidas en relación con el particular por la doctrina procesal española. Dicho análisis culmina con el establecimiento de una concepción personal de la instrucción como proceso penal. Se trata de este modo de establecer, por un lado, un marco teórico integral de la categoría de la instrucción penal y, por otro, de perfi lar un diseño de dicha institución acorde con la realidad legislativa actualmente vigente en España al amparo de la Ley de Enjuiciamiento Criminal de 1882. A nivel de estructura, la obra aborda, en primer lugar, la cuestión relativa a la naturaleza jurídica de la instrucción penal, analizando las tesis administrativistas, jurisdiccionales y mixtas formuladas por la doctrina. Sobre dicha base se confi gura una concepción personal fundada en el carácter eminentemente jurisdiccional de la institución, fundamento de la teorización que en materia de instrucción penal se procede a llevar a cabo. Como eje central de la tesis sostenida en este punto se encuentra la categoría de la imputación (judicial). Partiendo del conjunto de premisas anteriores se procede al desarrollo de una concepción partidaria de entender la instrucción como un proceso penal autónomo (y distinto del proceso decisorio), superando así la visión doctrinal mayoritaria favorable a concebirla como una mera fase existente en la primera instancia del proceso penal.1 aDisponible solo en los productos indicadosdvLex GlobaldvLex Global (Academic Edition, excluding Law Schools)dvLex Global (U.S. Academic Edition, Law Schools)dvLex Global (U.S. Academic Edition, excluding Law Schools)dvLex Global (Academic Edition, Law Schools)04aDerecho ProcesalzEspaña04aProcedimiento PenalzEspaña0 avLex Libros (Servicio en línea)40uhttps://app.vlex.com/#/sources/35600